000 00690nam a2200253Ia 4500
003 OSt
005 20220928112257.0
006 a|||||r|||| 00| 0
007 ta
008 220927b |||||||| |||| 00| 0 eng d
020 _cUKP 130.00
024 _a143772
037 _b73, 06/03/2020, Kiran Book Service
_cTextual
040 _aSDCL
_cSDCL
_beng
041 _2eng
_aeng
082 _aB3, Q8
100 _aMay Jude
_9427132
245 0 _aMultivariate analysis
260 _aUK
_bED- Tech Press
_c2018
300 _aix,303p.
_ccm.
650 _aMathematics
942 _hB3, Q8
_cTEXL
_2CC
999 _c743994
_d743994